00761nam a2200241 a 450000100060000000300080000600500170001400800410003103500190007204000320009104100080012304300210013108200280015224500600018026000480024030000430028850000350033150400640036665000130043065000110044370000260045470000390048027406BD-RjUL20211209051142.0860101s1943 enkab b 000 0 eng d a(BD-RjUL)27479 aDLCcNJBdOCLdBD-RjULbeng aeng aa------af------ a909.09767223bISL 194300aIslam to-day /cedited by A. J. Arberry and Rom Landau. aLondon :bFaber and Faber limited,c[1943]. a258 p. :bplates, fold. map. ;c23 cm. a"First published in Mcmxliii." aBibliography: p. 286-289. "Biographical notes": p. 240-242. 0aMuslims. 0aIslam.1 aArberry, A. J. , ed.1 aLandau, Rom,d1899-1974, jt. ed.